<?xml version="1.0" encoding="UTF-8"?>
<collection xmlns="http://www.loc.gov/MARC21/slim">
 <record>
  <leader>00571nam a22001695a 4500</leader>
  <controlfield tag="001">DER.der000310</controlfield>
  <controlfield tag="008">180615s1996####ag#||||||||||||||#||spa||</controlfield>
  <controlfield tag="005">20241031154954.0</controlfield>
  <datafield tag="245" ind1="1" ind2="0">
   <subfield code="a">Actuar y omitir :</subfield>
   <subfield code="b">delitos de comisión y de omisión /</subfield>
   <subfield code="c">Eberhard Struensee, traducido por Patricia S: Ziffer.</subfield>
  </datafield>
  <datafield tag="250" ind1=" " ind2=" ">
   <subfield code="a">1a. ed.</subfield>
  </datafield>
  <datafield tag="260" ind1=" " ind2=" ">
   <subfield code="a">Bogotá :</subfield>
   <subfield code="b">Universidad externado de Colombia,</subfield>
   <subfield code="c">1996</subfield>
  </datafield>
  <datafield tag="300" ind1=" " ind2=" ">
   <subfield code="a">47 p.</subfield>
  </datafield>
  <datafield tag="020" ind1=" " ind2=" ">
   <subfield code="a">9586162338</subfield>
  </datafield>
  <datafield tag="100" ind1="1" ind2=" ">
   <subfield code="a">Struensee, Eberhard</subfield>
  </datafield>
  <datafield tag="700" ind1="1" ind2=" ">
   <subfield code="a">Ziffer, Patricia S.,</subfield>
   <subfield code="e">trad.</subfield>
  </datafield>
  <datafield tag="650" ind1=" " ind2="7">
   <subfield code="a">DERECHO PENAL</subfield>
  </datafield>
  <datafield tag="859" ind1=" " ind2=" ">
   <subfield code="a">DERECHO</subfield>
   <subfield code="b">BIB. DERECHO</subfield>
   <subfield code="h">345.02</subfield>
   <subfield code="i">STR</subfield>
   <subfield code="p">001076</subfield>
  </datafield>
 </record>
</collection>
